Longman student grammar of spoken and written English. (Record no. 7387)

MARC details
000 -LEADER
fixed length control field 00398nam a2200133 4500
020 ## - INTERNATIONAL STANDARD BOOK NUMBER
ISBN 0582237270
050 ## - CALL NUMBER
Classification number PE1112 .B47
100 ## - AUTHOR
Personal name Biber, Douglas
245 ## - TITLE
Title Longman student grammar of spoken and written English.
Statement of responsibility, etc by Douglas Biber, Susan Conrad and Geoffrey Leech
260 ## - PUBLICATION INFORMATION
Place of publication Harlow
Name of publisher Pearson Education Ltd.
Year of publication 2002
300 ## - DESCRIPTION
Number of Pages 487p.
650 ## - SUBJECTS
Topical Term English language--Grammar.
942 ## - ADDED ENTRY ELEMENTS (KOHA)
Koha item type Books
Holdings
Withdrawn status Lost status Collection code Home library Current library Shelving location Date acquired Full call number Accession Number Koha item type
    Non-fiction Methodist University Library Main Methodist University Library Main General Stacks 10/08/2020 PE1112 .B47 28056 Books
Copyright © 2026  MUG Library